000 00638nam a2200169Ia 4500
003 GCL
008 140319s9999 xx 000 0 ara d
040 _aGCL /
_cGCL
082 0 4 _a322.4
_bف ا
100 1 _aفرج فودة
245 1 0 _aالاعمال الكاملة للدكتور فرج فودة :
_bالدولة الدينية - والدولة المدنية - العلمانية - التطرف باسم الدين /
_cفرج فودة
300 _a531 ص ؛
_c24 سم
650 0 4 _aالاسلام والمجتمع
650 0 4 _aالاسلام والاصلاح الاجتماعى
650 0 4 _aالعلمانية
942 _2ddc
_cBK
999 _c5232
_d5232